| 000 | 00424cam a2200169 a 4500 | ||
|---|---|---|---|
| 020 | _a0070447543 | ||
| 040 | _cDLC | ||
| 082 | 0 | 0 | _a005 MCG 1991 Or. |
| 100 | 1 | _aKorth, Henry F. | |
| 245 | 1 | 0 | _aDatabase system concepts / |
| 250 | _a2nd ed. | ||
| 260 |
_aNew York : _bMcGraw-Hill, _cc1991. |
||
| 300 |
_axix, 694 p. : _bill. ; _c25 cm. |
||
| 650 | 0 | _aDatabase management. | |
| 700 | 1 | _aSilberschatz, Abraham. | |
| 942 | _cEK | ||
| 999 |
_c12504 _d12504 |
||